Non-Europeans Playing most minutes in Premier League - Statistics

General Stats
  • This quiz has been taken 21 times
  • The average score is 4 of 10
Answer Stats
Mins(Nationality) Answer % Correct
17843 Argentina Sergio Aguero
89%
25523 Ecuador Antonio Valencia
53%
18244 Ivory Coast Yaya Toure
47%
21528 USA Brad Friedel
42%
22680 Australia Mark Schwarzer
42%
31748 USA Tim Howard
42%
23791 Argentina Pablo Zabaleta
32%
18433 Honduras Maynor Figueroa
16%
17342 Brazil Heurelho Gomes
5%
18638 Argentina Fabricio Coloccini
0%
No matching quizzes found
Score Distribution
Percent of People with Each Score
Percentile by Number Answered
Your Score History
You have not taken this quiz